LIBRARY & INFORMATION CENTRE, KCAET, TAVANUR

ONLINE PUBLIC ACCESS CATALOGUE (OPAC)

Current trends in agricultural engineering (Record no. 15529)

MARC details
000 -LEADER
fixed length control field 00354nam a22001457a 4500
003 - CONTROL NUMBER IDENTIFIER
control field OSt
008 - FIXED-LENGTH DATA ELEMENTS--GENERAL INFORMATION
fixed length control field 180918b ||||| |||| 00| 0 eng d
020 ## - INTERNATIONAL STANDARD BOOK NUMBER
ISBN 8170993520
082 ## - DEWEY DECIMAL CLASSIFICATION NUMBER
Classification number 631
Item number MIT/CU
245 ## - TITLE STATEMENT
Title Current trends in agricultural engineering
250 ## - EDITION STATEMENT
Edition statement 1
260 ## - PUBLICATION, DISTRIBUTION, ETC. (IMPRINT)
Place of publication New Delhi :
Name of publisher Mittal publications,
Year of publication 1991.
300 ## - PHYSICAL DESCRIPTION
Number of Pages 418p.
942 ## - ADDED ENTRY ELEMENTS (KOHA)
Koha item type Books
Holdings
Withdrawn status Lost status Damaged status Home library Current library Shelving location Date acquired Cost, normal purchase price Full call number Accession Number Koha item type
      KAUAET KAUAET Scheme 18/09/2018 550.00 631 MIT/CU 19572 Book Bank scheme for SC students
      KAUAET KAUAET   14/02/2025 550.00 631 MIT/CU 19573 Books
free website counter